000 00618nam a2200169 i 4500
001 50578
003 ES-MaACL
005 20230906162213.0
007 t|
008 030805s1959 sp ||||1| spa d
100 1 _aCunningham, Charles H.
_942185
245 1 0 _aVirología práctica /
_cpor Charles H. Cunningham ; traducción de la 3ª edición norteamericana (reimpresión revisada en 1957) por Miguel Cordero del Capillo.
260 _aZaragoza :
_bAcribia,
_c1959 (
_fHeraldo de Aragón)
300 _aXV, 177 p. ;
_c24 cm.
700 1 _aCordero del Campillo, Miguel.
_940521
852 _aES-MaACL
_jC-8630
_bR.44331
999 _c50578
_d50578